| 000 | 00330nam a22001337a 4500 | ||
|---|---|---|---|
| 008 | 230606b xxu||||| |||| 00| 0 eng d | ||
| 020 | _a9966443312 | ||
| 082 |
_a346.022 _bHOD |
||
| 100 | _cR.W Hodgin | ||
| 245 | _aLaw of Contract in East Africa | ||
| 260 |
_aNairobi _bklb _c1975, 1982,1997,2006 |
||
| 300 | _a317p | ||
| 942 |
_2ddc _cBK |
||
| 999 |
_c614 _d614 |
||